The journey of marriage : (Record no. 25261)
[ view plain ]
| 000 -LEADER | |
|---|---|
| fixed length control field | 00611nam a22001937a 4500 |
| 003 - CONTROL NUMBER IDENTIFIER | |
| control field | AUA.1 |
| 005 - DATE AND TIME OF LATEST TRANSACTION | |
| control field | 20251120165330.0 |
| 008 - FIXED-LENGTH DATA ELEMENTS--GENERAL INFORMATION | |
| fixed length control field | 251120b |||||||| |||| 00| 0 eng d |
| 020 ## - INTERNATIONAL STANDARD BOOK NUMBER | |
| International Standard Book Number | 9789914743388 |
| 040 ## - CATALOGING SOURCE | |
| Transcribing agency | JTL |
| 050 ## - LIBRARY OF CONGRESS CALL NUMBER | |
| Classification number | HQ734 |
| Item number | .M37 2025 |
| 100 ## - MAIN ENTRY--PERSONAL NAME | |
| Personal name | Marambii, Jeremy Mwenda |
| 245 ## - TITLE STATEMENT | |
| Title | The journey of marriage : |
| Remainder of title | wedded by God, wounded by life / |
| Statement of responsibility, etc | Jeremy Mwenda Marambii. |
| 260 ## - PUBLICATION, DISTRIBUTION, ETC. (IMPRINT) | |
| Date of publication, distribution, etc | c2025. |
| 300 ## - PHYSICAL DESCRIPTION | |
| Extent | 124 pages : |
| Other physical details | illustrations; |
| Dimensions | 21 cm. |
| 650 ## - SUBJECT ADDED ENTRY--TOPICAL TERM | |
| Topical term or geographic name as entry element | Marriage |
| 650 ## - SUBJECT ADDED ENTRY--TOPICAL TERM | |
| Topical term or geographic name as entry element | Marriage |
| Form subdivision | Religious aspects |
| General subdivision | Seventh-day Adventists |
| 942 ## - ADDED ENTRY ELEMENTS (KOHA) | |
| Source of classification or shelving scheme | Library of Congress Classification |
| Koha item type | Books |
| Classification part | HQ 734 |
| Item part | .M37 2025 |
| Withdrawn status | Lost status | Source of classification or shelving scheme | Damaged status | Not for loan | Collection code | Home library | Current library | Shelving location | Date acquired | Source of acquisition | Cost, normal purchase price | Serial Enumeration / chronology | Total Checkouts | Full call number | Barcode | Date last seen | Cost, replacement price | Price effective from | Koha item type |
|---|---|---|---|---|---|---|---|---|---|---|---|---|---|---|---|---|---|---|---|
| Library of Congress Classification | Books | Judith Thomas Library | Judith Thomas Library | General Stacks | 20/11/2025 | Donation, Dr. Jeremy Mwenda Marambii | 10.00 | AUA28002 | HQ 734 .M37 2025 | AUA28002 | 20/11/2025 | 10.00 | 20/11/2025 | Books | |||||
| Library of Congress Classification | Books | Judith Thomas Library | Judith Thomas Library | General Stacks | 20/11/2025 | Donation, Dr. Jeremy Mwenda Marambii | 10.00 | AUA28003 | HQ 734 .M37 2025 | AUA28003 | 20/11/2025 | 10.00 | 20/11/2025 | Books | |||||
| Library of Congress Classification | Books | Judith Thomas Library | Judith Thomas Library | General Stacks | 20/11/2025 | Donation, Dr. Jeremy Mwenda Marambii | 10.00 | AUA28004 | HQ 734 .M37 2025 | AUA28004 | 20/11/2025 | 10.00 | 20/11/2025 | Books | |||||
| Library of Congress Classification | Books | Judith Thomas Library | Judith Thomas Library | General Stacks | 20/11/2025 | Donation, Dr. Jeremy Mwenda Marambii | 10.00 | AUA28005 | HQ 734 .M37 2025 | AUA28005 | 20/11/2025 | 10.00 | 20/11/2025 | Books | |||||
| Library of Congress Classification | Books | Judith Thomas Library | Judith Thomas Library | General Stacks | 20/11/2025 | Donation, Dr. Jeremy Mwenda Marambii | 10.00 | AUA28006 | HQ 734 .M37 2025 | AUA28006 | 20/11/2025 | 10.00 | 20/11/2025 | Books |